Normal view
MARC view
- Daron Acemoglu ; James A. Robinson.
Entry Personal Name
001 - CONTROL NUMBER
- control field: 9458
003 - CONTROL NUMBER IDENTIFIER
- control field: NUST
005 - DATE AND TIME OF LATEST TRANSACTION
- control field: 20180122103311.0
008 - FIXED-LENGTH DATA ELEMENTS
- fixed length control field: 180122|| aca||aabn | a|a d
040 ## - CATALOGING SOURCE
- Original cataloging agency: NUST
- Transcribing agency: NUST
100 ## - HEADING--PERSONAL NAME
- Personal name: Daron Acemoglu ; James A. Robinson.
670 ## - SOURCE DATA FOUND
- Source citation: Work cat.: (NUST)321339: Daron Acemoglu ; James A. Robinson., Why nations fail : the origins of power, prosperity, and poverty, 2012
